Φορτώνει......

manpower studies /

Λεπτομέρειες βιβλιογραφικής εγγραφής
Κύριος συγγραφέας: Bureau of Economics and Statistics
Μορφή: Printed Book
Γλώσσα:English
LEADER 00326nam a2200097Ia 4500
008 120707s9999 xx 000 0 eng d
100 |a Bureau of Economics and Statistics.  
245 0 |a manpower studies / 
942 |c BK 
999 |c 135162  |d 135162 
952 |0 0  |1 0  |4 0  |7 0  |9 149454  |a MAT  |b MAT  |c ST1  |d 2012-07-10  |h 3  |i G93  |l 0  |p MATG93  |r 2013-08-01  |w 2013-08-01  |y BK